书目信息 |
| 书名: | Clarence Gagnon | |
| 作者: | Anne Newlands; Clarence A Gagnon | |
| 分册号: | ||
| 分册名: | 出版地: | N.Y. |
|
| 出版社: | Firefly Books | |
| 出版时间: | 2005 | |
| 页数: | 64P | |
| 开本: | 23CM | |
| 丛书名: | ||
| 中图分类号: | ||
| 科图分类号: | ||
| 其他分类号: | K812 | |
| 主题词: | ||
| 电子资源: | ||
| 000 | 00420nam0 2200133 450 | |
| 001 | 202012003621 | |
| 005 | 20121206120300.0 | |
| 008 | 12120601s | |
| 020 | @a9781554070824@c$16.95 | |
| 099 | @dK812@eA6137 | |
| 245 | @aClarence Gagnon@b an introduction to his life and art @cAnne Newlands; Clarence A Gagnon | |
| 260 | 0 | @a N.Y.@b Firefly Books,@c 2005 |
| 300 | @a64P@c23CM | |
| 905 | @aTSG@b15285-6@dK812@eA6137 | |
| Clarence Gagnon : an introduction to his life and art / Anne Newlands; Clarence A Gagnon.- N.Y. : Firefly Books, , 2005 |
| 64P ; 23CM |
| ISBN 9781554070824$16.95 |
| ● |
| 相关链接 |
|
|
|
正题名:Clarence Gagnon
索取号:K812/A6137
 
预约/预借
| 序号 | 登录号 | 条形码 | 馆藏地/架位号 | 状态 | 备注 |
| 1 | 15285 | 300152858 | 社科库309/309社科库 995排2列3层/ [索取号:K812/A6137] | 在馆 | |
| 2 | 15286 | 300152867 | 社科库309/309社科库 995排2列3层/ [索取号:K812/A6137] | 在馆 |